000 00750nam a22002297a 4500
005 20160613115541.0
010 _aENG-115272
020 _a9788120352377
_c650.00
035 _aEN-98804
037 _bDBAD/PUB
082 _a658.4040285536
100 _aChatfield, Carl
245 _aMicrosoft Project 2016 :
_cCarl Chatfield [and] Timothy Johnson
_bstep by step /
260 _aDellhi
_bPHI Learning
_c2016
270 _aRimjhim House, 111, Patparganj Industrial Estate
_bDelhi
_e110092
300 _axvi,557p :
_bill .
_c25cm(pbk)
490 _aStep by step
500 _a Includes index
650 _aProject management
_xComputer programs.
700 _aJohnson, Timothy D.
942 _2ddc
_cEN
_mCHA
_h658.4040285536
999 _c100289
_d100289